[Event "Ceske Budejovice op-A"]
[Site "Ceske Budejovice"]
[Date "2025.07.05"]
[Round "8"]
[White "Kavanova, Anezka"]
[Black "Cech, Nicolas"]
[Result "0-1"]
[WhiteElo "1719"]
[BlackElo "1760"]
[PlyCount "30"]
[EventDate "2025.06.28"]
[EventType "swiss"]
[EventRounds "9"]
[EventCountry "CZE"]
[SourceTitle "CB28_2025"]
[SourceDate "2025.07.09"]
[SourceVersion "1"]
[SourceVersionDate "2025.07.09"]
[SourceQuality "1"]

1. e4 c6 2. d4 d5 3. f3 e6 4. Nc3 Nf6 5. e5 Nfd7 6. f4 c5 7. Nf3 Nc6 8. Ne2 Be7 9. c3 Qb6 10. Ng3 cxd4 11. cxd4 Bb4+ 12. Bd2 Nxd4 13. Bd3 Nxf3+ 14. gxf3 Qe3+ 15. Be2 Qxf4 0-1

[Event "Ceske Budejovice op-A"]
[Site "Ceske Budejovice"]
[Date "2025.07.01"]
[Round "4"]
[White "Kavanova, Anezka"]
[Black "Yurchenko, Daniil"]
[Result "1-0"]
[WhiteElo "1719"]
[BlackElo "1631"]
[PlyCount "43"]
[EventDate "2025.06.28"]
[EventType "swiss"]
[EventRounds "9"]
[EventCountry "CZE"]
[SourceTitle "CB28_2025"]
[SourceDate "2025.07.09"]
[SourceVersion "1"]
[SourceVersionDate "2025.07.09"]
[SourceQuality "1"]

1. e4 c5 2. Nf3 d6 3. d4 cxd4 4. Nxd4 g6 5. Be3 Bg7 6. Nc3 Nf6 7. f3 0-0 8. Qd2 Nc6 9. 0-0-0 Bd7 10. g4 h5 11. gxh5 Nxh5 12. Rg1 Kh7 13. h4 a6 14. Be2 Nf6 15. h5 gxh5 16. Nxc6 bxc6 17. e5 dxe5 18. Bd3+ e4 19. Nxe4 Kh8 20. Bh6 Ne8 21. Bxg7+ Nxg7 22. Qh6+ 1-0

[Event "Ceske Budejovice op-A"]
[Site "Ceske Budejovice"]
[Date "2025.06.30"]
[Round "3"]
[White "Barta, Filip"]
[Black "Kavanova, Anezka"]
[Result "1-0"]
[WhiteElo "1890"]
[BlackElo "1719"]
[PlyCount "63"]
[EventDate "2025.06.28"]
[EventType "swiss"]
[EventRounds "9"]
[EventCountry "CZE"]
[SourceTitle "CB28_2025"]
[SourceDate "2025.07.09"]
[SourceVersion "1"]
[SourceVersionDate "2025.07.09"]
[SourceQuality "1"]

1. e4 c5 2. Nc3 Nc6 3. f4 d6 4. Nf3 g6 5. Bb5 Bd7 6. 0-0 Bg7 7. d3 Qb6 8. Bxc6 Bxc6 9. Kh1 e6 10. Qe1 Ne7 11. Qh4 Qc7 12. a4 d5 13. e5 Nf5 14. Qf2 b6 15. g4 Ne7 16. d4 Bd7 17. Be3 Rc8 18. Ra3 Bf8 19. Nb5 Bxb5 20. axb5 c4 21. Nh4 f5 22. exf6 Ng8 23. Ra6 Nxf6 24. Qf3 Ne4 25. f5 g5 26. Ng2 e5 27. f6 Kf7 28. Qf5 Bd6 29. Bxg5 h5 30. dxe5 Bxe5 31. Bf4 Rce8 32. g5 1-0

[Event "Ceske Budejovice op-A"]
[Site "Ceske Budejovice"]
[Date "2025.06.29"]
[Round "2"]
[White "Kavanova, Anezka"]
[Black "Dudasko, Mario"]
[Result "0-1"]
[WhiteElo "1719"]
[BlackElo "1913"]
[PlyCount "76"]
[EventDate "2025.06.28"]
[EventType "swiss"]
[EventRounds "9"]
[EventCountry "CZE"]
[SourceTitle "CB28_2025"]
[SourceDate "2025.07.09"]
[SourceVersion "1"]
[SourceVersionDate "2025.07.09"]
[SourceQuality "1"]

1. e4 c5 2. Nf3 Nc6 3. d4 cxd4 4. Nxd4 g6 5. c4 Nf6 6. Nc3 d6 7. Be2 Nxd4 8. Qxd4 Bg7 9. Be3 0-0 10. Qd1 Be6 11. Rc1 Qa5 12. 0-0 Rac8 13. b3 Nd7 14. Bd4 f5 15. Bxg7 Kxg7 16. Qd4+ Nf6 17. Bd3 f4 18. f3 h5 19. Rfe1 Rcd8 20. Bb1 Kf7 21. Nd5 Bxd5 22. cxd5 Nd7 23. b4 Qa4 24. Rc7 a5 25. Rxb7 Rb8 26. Rxb8 Rxb8 27. Qd2 Qxb4 28. Qxf4+ Nf6 29. Qc1 Qd4+ 30. Kh1 Rb2 31. e5 Nxd5 32. exd6 exd6 33. Qg5 Nf4 34. Qh6 Re2 35. Qh7+ Kf8 36. Rc1 Qc3 37. Qh6+ Kg8 38. Rg1 Re1 0-1

[Event "EU-ch U16 Girls"]
[Site "Prague"]
[Date "2024.08.23"]
[Round "2"]
[White "Kavanova, Anezka"]
[Black "Dobsa, Emma"]
[Result "0-1"]
[WhiteElo "1726"]
[BlackElo "1937"]
[PlyCount "67"]
[EventDate "2024.08.22"]
[EventType "swiss"]
[EventRounds "9"]
[EventCountry "CZE"]
[SourceTitle "CBM 221 Extra"]
[Source "ChessBase"]
[SourceDate "2024.09.30"]
[SourceVersion "1"]
[SourceVersionDate "2024.09.30"]
[SourceQuality "1"]

1. e4 c6 2. d4 d5 3. f3 dxe4 4. fxe4 e5 5. Nf3 Bg4 6. Bc4 Nd7 7. 0-0 Ngf6 8. Bg5 Bxf3 9. Qxf3 Qb6 10. Qb3 Qxd4+ 11. Kh1 0-0-0 12. Bxf7 Nc5 13. Qh3+ Kb8 14. Nc3 Ncxe4 15. Nxe4 Qxe4 16. Bb3 Qg6 17. Qg3 Bd6 18. Bxf6 Qxg3 19. hxg3 gxf6 20. Rxf6 e4 21. Re6 Rhe8 22. Rxe8 Rxe8 23. Kh2 Bc5 24. Re1 Bf2 25. Re2 e3 26. Bf7 Re5 27. Kh3 b5 28. Kh4 Re7 29. Bh5 Kc7 30. Bf3 Kd6 31. Kg4 c5 32. Kf4 c4 33. c3 Kc5 34. Rc2 0-1

[Event "Ceske Budejovice op"]
[Site "Ceske Budejovice"]
[Date "2024.07.05"]
[Round "7"]
[White "Tomcik, Milan"]
[Black "Kavanova, Anezka"]
[Result "1-0"]
[WhiteElo "1930"]
[BlackElo "1704"]
[PlyCount "71"]
[EventDate "2024.06.29"]
[EventType "swiss"]
[EventRounds "9"]
[EventCountry "CZE"]
[SourceTitle "CBM 221 Extra"]
[Source "ChessBase"]
[SourceDate "2024.09.30"]
[SourceVersion "1"]
[SourceVersionDate "2024.09.30"]
[SourceQuality "1"]

1. e4 c5 2. Nc3 d6 3. f4 Nc6 4. Bb5 Bd7 5. Nf3 g6 6. 0-0 Bg7 7. d3 Nf6 8. a3 0-0 9. Qe1 Qb6 10. Bc4 Bg4 11. Kh1 Bxf3 12. gxf3 Nd4 13. Qd2 Bh6 14. Qg2 e6 15. Rg1 Nh5 16. Qg4 Nf6 17. Qh3 Bg7 18. Qg2 Qc6 19. Be3 d5 20. Ba2 Rad8 21. Nd1 b6 22. c3 Nb5 23. Nf2 Rfe8 24. Bd2 c4 25. e5 Nh5 26. d4 a5 27. Rae1 a4 28. Bb1 Qd7 29. Qh3 Kf8 30. Rg5 f5 31. exf6 Bxf6 32. Rg2 Bg7 33. Ng4 Re7 34. Ne5 Bxe5 35. fxe5 Rg7 36. Bh6 1-0

[Event "Ceske Budejovice op"]
[Site "Ceske Budejovice"]
[Date "2024.07.03"]
[Round "5"]
[White "Sulcova, Tereza Radmila"]
[Black "Kavanova, Anezka"]
[Result "1-0"]
[WhiteElo "1840"]
[BlackElo "1704"]
[PlyCount "48"]
[EventDate "2024.06.29"]
[EventType "swiss"]
[EventRounds "9"]
[EventCountry "CZE"]
[SourceTitle "CBM 221 Extra"]
[Source "ChessBase"]
[SourceDate "2024.09.30"]
[SourceVersion "1"]
[SourceVersionDate "2024.09.30"]
[SourceQuality "1"]

1. e4 c5 2. c3 d5 3. exd5 Qxd5 4. d4 Nc6 5. Nf3 Bg4 6. Be2 cxd4 7. cxd4 e6 8. Nc3 Bb4 9. Be3 Nf6 10. 0-0 Qd8 11. a3 Be7 12. Qb3 Qd7 13. Rfd1 0-0 14. Ne5 Bxe2 15. Nxd7 Bxd1 16. Nxf6+ Bxf6 17. Rxd1 b6 18. Ne4 Be7 19. d5 Na5 20. Qa4 exd5 21. Rxd5 Rac8 22. g3 Rc4 23. Rxa5 Rxa4 24. Rxa4 a5 1-0

[Event "Ceske Budejovice op"]
[Site "Ceske Budejovice"]
[Date "2024.07.02"]
[Round "4"]
[White "Kavanova, Anezka"]
[Black "Schmied, Eva Maria"]
[Result "0-1"]
[WhiteElo "1704"]
[BlackElo "1887"]
[PlyCount "48"]
[EventDate "2024.06.29"]
[EventType "swiss"]
[EventRounds "9"]
[EventCountry "CZE"]
[SourceTitle "CBM 221 Extra"]
[Source "ChessBase"]
[SourceDate "2024.09.30"]
[SourceVersion "1"]
[SourceVersionDate "2024.09.30"]
[SourceQuality "1"]

1. e4 c5 2. Nf3 e6 3. d4 cxd4 4. Nxd4 Nc6 5. Nc3 Qc7 6. Ndb5 Qb8 7. Be3 a6 8. Nd4 Nf6 9. f3 Bb4 10. Nde2 d5 11. exd5 Nxd5 12. Bd2 Bc5 13. Ne4 Be7 14. N2c3 0-0 15. Bc4 Rd8 16. Bd3 Ne5 17. Be2 Qa7 18. Nxd5 Rxd5 19. Qc1 b5 20. Be3 Qc7 21. 0-0 Bb7 22. f4 Nc4 23. Nc3 Nxe3 24. Nxd5 Bxd5 0-1

[Event "Ceske Budejovice op"]
[Site "Ceske Budejovice"]
[Date "2024.07.01"]
[Round "3"]
[White "Mosny, Kamil"]
[Black "Kavanova, Anezka"]
[Result "1-0"]
[WhiteElo "1943"]
[BlackElo "1704"]
[PlyCount "57"]
[EventDate "2024.06.29"]
[EventType "swiss"]
[EventRounds "9"]
[EventCountry "CZE"]
[SourceTitle "CBM 221 Extra"]
[Source "ChessBase"]
[SourceDate "2024.09.30"]
[SourceVersion "1"]
[SourceVersionDate "2024.09.30"]
[SourceQuality "1"]

1. d4 d5 2. c4 e6 3. Nc3 c5 4. cxd5 exd5 5. Nf3 Nc6 6. dxc5 d4 7. Na4 Nf6 8. e3 Bg4 9. exd4 Bxf3 10. Qxf3 Nxd4 11. Qe3+ Be7 12. Bd3 Qa5+ 13. Nc3 Ne6 14. 0-0 0-0 15. Qh3 Qxc5 16. Re1 g6 17. Bh6 Rfe8 18. Bb5 Red8 19. Rxe6 fxe6 20. Qxe6+ Kh8 21. Qf7 Nh5 22. Re1 Bf8 23. Be3 Qf5 24. Qxb7 Bg7 25. Bxa7 Bxc3 26. bxc3 Rxa7 27. Qxa7 Qxb5 28. g3 Nf6 29. Qe7 1-0

[Event "Ceske Budejovice op-A"]
[Site "Ceske Budejovice"]
[Date "2023.07.03"]
[Round "3"]
[White "Kavanova, Anezka"]
[Black "Svanda, Radek"]
[Result "0-1"]
[WhiteElo "1456"]
[BlackElo "1747"]
[PlyCount "129"]
[EventDate "2023.07.01"]
[EventType "swiss"]
[EventRounds "9"]
[EventCountry "CZE"]
[SourceTitle "CBM 215 Extra"]
[Source "ChessBase"]
[SourceDate "2023.09.30"]
[SourceVersion "1"]
[SourceVersionDate "2023.09.30"]
[SourceQuality "1"]

1. e4 c5 2. Nf3 g6 3. c4 Bg7 4. d4 cxd4 5. Nxd4 Nc6 6. Be3 Nf6 7. Nc3 d6 8. Be2 0-0 9. 0-0 Nxd4 10. Bxd4 Qa5 11. f3 a6 12. g4 Be6 13. Rc1 Rac8 14. b3 Nd7 15. f4 Bxd4+ 16. Qxd4 Qb6 17. Qxb6 Nxb6 18. f5 Bd7 19. Bf3 Bc6 20. Ne2 Nd7 21. Bg2 Ne5 22. h3 f6 23. Nf4 g5 24. Ne6 Rfe8 25. Nd4 Kf7 26. Nxc6 Rxc6 27. Rcd1 Rh8 28. Kh2 h5 29. Kg3 b5 30. cxb5 Rc3+ 31. Bf3 h4+ 32. Kg2 axb5 33. Rc1 Rhc8 34. Rxc3 Rxc3 35. Be2 b4 36. Rf2 Rg3+ 37. Kh2 Re3 38. Ba6 Rxe4 39. Rc2 Nf3+ 40. Kh1 Nd4 41. Rc8 Re3 42. Bc4+ e6 43. fxe6+ Nxe6 44. Kg1 Ke7 45. Bxe6 Rxe6 46. Kf2 Re4 47. Rc7+ Ke6 48. Ra7 Kd5 49. Rf7 Ke5 50. Re7+ Kd4 51. Rf7 Rf4+ 52. Ke2 d5 53. Rc7 f5 54. gxf5 Rxf5 55. Rc2 Ke4 56. Rc7 d4 57. Re7+ Re5 58. Rf7 d3+ 59. Kd2 Rd5 60. Rb7 Rd4 61. Re7+ Kf3 62. a4 bxa3 63. Ra7 Kg3 64. Rxa3 Kxh3 65. Ra1 0-1

[Event "CZE-ch U16 Girls"]
[Site "Teplice"]
[Date "2023.03.13"]
[Round "3"]
[White "Havelkova, Beata"]
[Black "Kavanova, Anezka"]
[Result "1-0"]
[WhiteElo "1670"]
[BlackElo "1384"]
[PlyCount "67"]
[EventDate "2023.03.11"]
[EventType "swiss"]
[EventRounds "9"]
[EventCountry "CZE"]
[SourceTitle "CBM 213 Extra"]
[Source "ChessBase"]
[SourceDate "2023.05.31"]
[SourceVersion "1"]
[SourceVersionDate "2023.05.31"]
[SourceQuality "1"]

1. e4 c5 2. c3 d5 3. exd5 Qxd5 4. d4 g6 5. Nf3 Bg7 6. Na3 a6 7. Bc4 Qc6 8. dxc5 Qxc5 9. 0-0 Nf6 10. Be3 Qc7 11. Qb3 0-0 12. Bb6 Qf4 13. Rfe1 Nc6 14. Rad1 Bg4 15. Rd3 Bf5 16. Rde3 Ng4 17. R3e2 Nce5 18. Rxe5 Bxe5 19. h3 Be4 20. hxg4 Qxg4 21. Bd5 Bxd5 22. Qxd5 Bf6 23. Qxb7 Qa4 24. Qe4 Qd7 25. Bd4 Rab8 26. b3 Rfe8 27. Nc4 Qb5 28. Bxf6 exf6 29. Qf4 Rxe1+ 30. Nxe1 Re8 31. Nf3 Rd8 32. Ne3 Qc6 33. c4 Kg7 34. Nd5 1-0

[Event "CZE-ch U16 Girls"]
[Site "Teplice"]
[Date "2023.03.11"]
[Round "1"]
[White "Foldynova, Julie"]
[Black "Kavanova, Anezka"]
[Result "0-1"]
[WhiteElo "1100"]
[BlackElo "1384"]
[PlyCount "56"]
[EventDate "2023.03.11"]
[EventType "swiss"]
[EventRounds "9"]
[EventCountry "CZE"]
[SourceTitle "CBM 213 Extra"]
[Source "ChessBase"]
[SourceDate "2023.05.31"]
[SourceVersion "1"]
[SourceVersionDate "2023.05.31"]
[SourceQuality "1"]

1. e4 c5 2. Nc3 e6 3. Nf3 Nc6 4. Be2 d5 5. exd5 exd5 6. d4 c4 7. 0-0 Nf6 8. Re1 Be7 9. Bf4 0-0 10. a3 a6 11. b3 b5 12. b4 Bb7 13. Qd2 Qb6 14. Be5 Nxe5 15. Nxe5 Rad8 16. Rad1 Nd7 17. Ng4 Nf6 18. Bf3 Rfe8 19. Qg5 Ne4 20. Qe3 Bg5 21. Qe2 f5 22. Bxe4 dxe4 23. Ne3 f4 24. Nf1 Rxd4 25. Nd2 e3 26. Nf3 exf2+ 27. Qxf2 Rxe1+ 28. Qxe1 Rxd1+ 0-1